LIBRARY & INFORMATION CENTRE, KCAET, TAVANUR

ONLINE PUBLIC ACCESS CATALOGUE (OPAC)

Normal view MARC view
  • Vinayshill, Gautam

Entry Personal Name

Number of records used in: 1

001 - CONTROL NUMBER

  • control field: 6379

003 - CONTROL NUMBER IDENTIFIER

  • control field: OSt

005 - DATE AND TIME OF LATEST TRANSACTION

  • control field: 20241101142840.0

008 - FIXED-LENGTH DATA ELEMENTS

  • fixed length control field: 241101|| aca||aabn | a|a d

040 ## - CATALOGING SOURCE

  • Original cataloging agency: OSt
  • Transcribing agency: OSt

100 ## - HEADING--PERSONAL NAME

  • Personal name: Vinayshill, Gautam

670 ## - SOURCE DATA FOUND

  • Source citation: Work cat.: (OSt)9118: Prem, S Satsangi . 6378, Management of rural energy systems / , 1983.
free website counter